|
|
|
|
| LEADER |
00000nkm a2200000 a 4500 |
| 001 |
vtls010863098 |
| 003 |
SK-MaSNL |
| 005 |
20260512123355.0 |
| 007 |
kp bo |
| 008 |
231214s1958 xo g 00 kuslo |
| 015 |
|
|
|a SNBG
|
| 035 |
|
|
|a F556D1FC-8787-45F4-B2EA-58AB3B7FF598
|
| 035 |
|
|
|a urn:nbn:sk:snk-kmy13w
|
| 035 |
|
|
|a urn:nbn:sk:snk-km007wuk
|
| 040 |
|
|
|a SNK
|b slo
|c SNK
|e AACR2
|
| 041 |
0 |
|
|a slo
|
| 043 |
|
|
|a e-xo---
|
| 044 |
|
|
|a xo
|c SK
|
| 080 |
|
|
|a 911.2(23.0)
|2 2001
|
| 080 |
|
|
|a 913(437.6)
|2 2001
|
| 080 |
|
|
|a (084.121)
|2 2001
|
| 245 |
0 |
0 |
|a Vysoké Tatry
|h grafika
|b Tatranská Lomnica : Lomnický štít (2634 m) a Kežmarský štít (2556 m)
|
| 260 |
|
|
|a Martin
|b Osveta
|c 1958
|
| 300 |
|
|
|a 1 pohľadnica
|b čiernobiela
|c 14 x 9 cm
|
| 650 |
0 |
7 |
|a horské masívy
|2 SNKPH
|9 115560
|
| 651 |
|
7 |
|a Vysoké Tatry (Poľsko a Slovensko : pohorie)
|2 SNKPHgeo
|9 67729
|
| 651 |
|
7 |
|a Tatranská Lomnica (Vysoké Tatry, Slovensko)
|2 SNKPH
|9 160914
|
| 651 |
|
7 |
|a Lomnický štít (Vysoké Tatry, Slovensko)
|2 SNKPH
|9 19911
|
| 651 |
|
7 |
|a Kežmarský štít (Vysoké Tatry, Slovensko)
|2 SNKPH
|9 55633
|
| 655 |
|
7 |
|a miestne pohľadnice
|2 SNKPH
|9 70510
|
| 852 |
|
|
|a Slovenská národná knižnica
|
| 958 |
|
|
|a GC
|
| 958 |
|
|
|a GBN
|
| 958 |
|
|
|a OND
|
| 999 |
|
|
|c 756939
|d 758869
|
| 952 |
|
|
|a SNK
|b SNK
|y PREZ
|7 0
|p 17A1164646
|o snkSP 4695
|0 0
|1 0
|4 0
|d 2015-08-24
|f 1
|l 0
|r 2026-02-23 23:52:23
|w 2026-02-23
|
| 952 |
|
|
|a SNK
|b SNK
|y PREZ
|7 0
|p 17A1164647
|o snkSP 4695 D1
|0 0
|1 0
|4 0
|d 2015-08-24
|l 0
|r 2026-02-23 23:52:23
|w 2026-02-23
|